000 00460nam a2200181Ia 4500
001 1479
005 20260306143731.0
008 260306t2008||||xx |||||||||||||| ||spa||
041 _aESP
082 _a150.195
_bC83
100 _aConsenza, Domenico
_eAUT
245 0 _aJacques Lacan y el Problema de la Técnica en Psicoanálisis
260 _c2008
300 _a174 páginas :
_c23 x 15 cm.
650 _aGEN
654 _aCPS
942 _cLIB
_dJUS
_fJUS
_2ddc
_n
999 _c1479
_d1479